000 00319nam a2200133Ia 4500
008 240624s9999 xx 000 0 und d
041 _aeng
082 _a823 LEI
100 _aLEIB FRANKLIN ALLEN
245 _aBEHOLD A PALE HORSE
260 _c2000
_aNew York
_bForge
300 _a303 : p. : cm. ; 21
365 _cRS
_b50
999 _c8572
_d8572